000 00387nam a2200145Ia 4500
008 230312s9999||||xx |||||||||||||| ||und||
020 _a978-8122420265
082 _a621.38804
_bGUL-C
100 _aGulati;R.R
245 0 _aColour Television:Technology,Transmission and Reception
260 _bnEw Age
_aIndia
_c2013
300 _a419
650 _aEngineering
_vElectrical
942 _cBK
999 _c14149
_d14149